LIBRARY & INFORMATION CENTRE, KCAET, TAVANUR

ONLINE PUBLIC ACCESS CATALOGUE (OPAC)

Training Manual for Industrial Training Institutes and Centres. (Record no. 19012)

MARC details
000 -LEADER
fixed length control field 00470nam a22001457a 4500
003 - CONTROL NUMBER IDENTIFIER
control field OSt
008 - FIXED-LENGTH DATA ELEMENTS--GENERAL INFORMATION
fixed length control field 250110b |||||||| |||| 00| 0 eng d
041 ## - LANGUAGE CODE
Language code of text/sound track or separate title eng
100 ## - MAIN ENTRY--AUTHOR NAME
Personal name Govt of India, Department of Labour, Ministry of Labour and Rehabilitation
245 ## - TITLE STATEMENT
Title Training Manual for Industrial Training Institutes and Centres.
260 ## - PUBLICATION, DISTRIBUTION, ETC. (IMPRINT)
Place of publication New Delhi:
Name of publisher Tata McGraw Hill Publishing Co Ltd,
Year of publication 1985.
300 ## - PHYSICAL DESCRIPTION
Number of Pages 132p.
700 ## - ADDED ENTRY--PERSONAL NAME
Personal name Israel, Reuben
942 ## - ADDED ENTRY ELEMENTS (KOHA)
Koha item type Books

No items available.

free website counter